| 000 | 02024nam a2200313Ia 4500 | ||
|---|---|---|---|
| 999 |
_c49297 _d49297 |
||
| 001 | 16213 | ||
| 003 | GE_BSU | ||
| 005 | 20250502120646.0 | ||
| 008 | 181216s2014||||ge |||||||||||||| ||geo|| | ||
| 020 | _a 9789941232305 | ||
| 040 | _cGE_BSU | ||
| 041 | _ageo | ||
| 080 | _a616.314(075.8) პ-19 | ||
| 245 |
_aპაროდონტოლოგია : _bსახელმძღვანელო სტომატოლოგიის ფაკ-ტის სტუდენტების, რეზიდენტებისა და ექიმი-სტომატოლოგებისათვის / _c მანანა ივერიელი, ნინო აბაშიძე, ლალი ჯაში, ხატია გოგიშვილი ; რედაქტორი: მარინა ყიფშიძე, ნათია ნაფეტვარიძე ; ყდის დიზაინი ია მახათაძე. |
||
| 264 |
_aთბილისი, _c2014. |
||
| 300 |
_a356 გვ; _bილ, _c28 სმ. |
||
| 500 | _aსაგნობრივი საძიებელი: გვ. 333-343. თავფურცლის მე-4 გვერდი ინგლ. ენაზე. | ||
| 504 | _aბიბლიოგრ.: გვ. 347-357. | ||
| 653 | _aმედიცინა | ||
| 653 | _aპაროდონტოლოგია | ||
| 700 |
_aივერიელი, მანანა _eავტორი _924993 |
||
| 700 |
_aაბაშიძე, ნინო _eავტორი _924994 |
||
| 700 |
_aჯაში, ლალი _eავტორი _910173 |
||
| 700 |
_aგოგიშვილი, ხატია _eავტორი _97960 |
||
| 700 |
_aყიფშიძე, მარინა _eრედაქტორი _924995 |
||
| 700 |
_aნაფეტვარიძე, ნათია _eრედაქტორი _924996 |
||
| 700 |
_aმახათაძე, ია _eდიზაინერი _95299 |
||
| 942 |
_cBK _2udc |
||